000 00653nam a2200169 a 4500
003 0
005 20250509110641.0
008 970101s19uu xx 00 eng d
050 _aPHS LB 3602
_b.H47 2004
100 _aHernandez, Carlos Lorenzo SC.
245 _aA Study on the causes of underachievement among high school students from SISC /
_cCarlos Lorenzo SC. Hernandez.
260 _aLas PiƱas City, Philippines :
_bSouthville International School and Colleges,
_c2004.
300 _a46 pages :
_billustrations ;
_c28 cm.
504 _aIncludes bibliographical references.
650 _aUnderachievers
_xEducation
_zPhilippines.
942 _2lcc
_cPASS
999 _c97121
_d97121